Geographical history in Greek lands / (Record no. 22204)
[ view plain ]
| 000 -LEADER | |
|---|---|
| fixed length control field | 00645cam a2200217 a 4500 |
| 001 - CONTROL NUMBER | |
| control field | 22204 |
| 003 - CONTROL NUMBER IDENTIFIER | |
| rucl marc code | BD-RjUL |
| 005 - DATE AND TIME OF LATEST TRANSACTION | |
| control field | 20211209000759.0 |
| 008 - FIXED-LENGTH DATA ELEMENTS--GENERAL INFORMATION | |
| fixed length control field | 140306s1953 enk 000 0 eng d |
| 035 ## - SYSTEM CONTROL NUMBER | |
| System control number | (BD-RjUL)22269 |
| 040 ## - CATALOGING SOURCE | |
| Original cataloging agency | WSU |
| Modifying agency | EUX |
| Language of cataloging | eng |
| Transcribing agency | BD-RjUL |
| 041 ## - LANGUAGE CODE | |
| Language code of text/sound track or separate title | eng |
| 082 ## - DEWEY DECIMAL CLASSIFICATION NUMBER | |
| Classification number | 914.95 |
| Author mark and year | MYG 1953 |
| 100 1# - MAIN ENTRY--PERSONAL NAME | |
| Personal name | Myres, John Linton, |
| Dates associated with a name | 1869-1954. |
| 9 (RLIN) | 68545 |
| 245 10 - TITLE STATEMENT | |
| Title | Geographical history in Greek lands / |
| Statement of responsibility, etc. | by John L. Myres |
| 260 ## - PUBLICATION, DISTRIBUTION, ETC. (IMPRINT) | |
| Place of publication, distribution, etc. | Oxford : |
| Name of publisher, distributor, etc. | Clarendon Press, |
| Date of publication, distribution, etc. | 1953 |
| 300 ## - PHYSICAL DESCRIPTION | |
| Pagination | ix, 381 p., 12 p. of plates : |
| Illustrations | maps ; |
| Size | 23 cm |
| 651 #0 - SUBJECT ADDED ENTRY--GEOGRAPHIC NAME | |
| Geographic name | Greece |
| General subdivision | Historical geography |
| 9 (RLIN) | 68546 |
| 942 ## - ADDED ENTRY ELEMENTS (KOHA) | |
| Source of classification or shelving scheme | Dewey Decimal Classification |
| Koha item type | Books |
| Lost status | Source of classification or shelving scheme | Damaged status | Not for loan | Collection code | Permanent Location | Current Location | Shelving location | Date acquired | Source of acquisition | Cost, normal purchase price | Total Checkouts | Full call number | Date last seen | Copy number | Koha item type |
|---|---|---|---|---|---|---|---|---|---|---|---|---|---|---|---|
| Dewey Decimal Classification | Added to bundle | Non-fiction | Central Library, University of Rajshahi | Central Library, University of Rajshahi | Reading Room | 15/11/1957 | O.U.P | 28.70 | 914.95 MYG 1953 | 06/03/2014 | C-1 | Books |